000 01522nam0a22003611 4500
001 RU\NLR\A1SV\52902
005 20260406152540.0
035 _a(NLR Aleph) 009734867
090 _a9922577
_c9922577
100 _a20050518d1926 u y0rusy50 ca
101 1 _arus
_ceng
102 _aRU
200 1 _aСлоненок
_e[Сказка]
_fКиплинг
_gПер. Корнея Чуковского
_gСтихи в пер. С.Маршака
_gРис. В.Лебедева
210 _aЛ.
_cГос. изд-во
_d1926
215 _a[16] с.
_cил.
_d28 см
451 0 _1001RU\NLR\A1SV\52901
_99922573
_aКиплинг, Д.Р. (1865-1936)
_cПб.
_d1922
_fР.Киплинг
_nЭпоха
_o[Сказка]
_p16 с.
_tСлоненок
620 _dСанкт-Петербург
700 1 _7ca
_8rus
_aКиплинг
_bР.
_f1865-1936
_gРедьярд
_9115925
_3RU\NLR\auth\775969
702 1 _aМаршак
_bС.Я.
_f1887-1964
_gСамуил Яковлевич
_4730
702 1 _4730
_7ca
_8rus
_aЧуковский
_bК. И.
_f1882-1969
_gКорней Иванович
_9111544
_3RU\NLR\AUTH\771522
702 1 _4040
_7ca
_8rus
_aЛебедев
_bВ. В.
_cживописец, график
_f1891-1967
_gВладимир Васильевич
_922966
_3RU\NLR\AUTH\7740013
801 0 _aRU
_bNLR
_c20050518
852 _aNLR
_j20.107.1.43
852 _aNLR
_j20.107.1.43а
899 _aБАН
899 _aРГБ
899 _aНБ Эрм.
899 _aAmCol
899 _aРГДБ
942 _cBOOK
980 _aNB
980 _aA1SV